The Prisoner. Episode 3, A, B, & C /

Time is running out for the new "No. 2." He must break the Prisoner and find out why he has resigned his highly confidential job. Desperate, he decides to take the risk of infecting the Prisoner with an experimental drug capable of penetrating subconcious thoughts.

Bibliographic Details
Corporate Authors: ITC Entertainment Group, MPI Home Video (Firm)
Other Authors: McGoohan, Patrick, 1928-2009, Allen, Sheila, 1930-2009, Kath, Katherine, Jackson, Pat
Format: Video VHS
Language:English
Published: Oak Forest, IL : MPI Home Video, [1988]
Subjects:

MARC

Tag First Indicator Second Indicator Subfields
LEADER 00000cgm a2200000 a 4500
001 in00001114513
005 20150930070337.0
007 vf cbaho-
008 900517p19881967ilu052 g vleng d
028 4 1 |a MP 1986  |b MPI Home Video 
035 |a (OCoLC)21549121 
035 |9 AFV6997AM 
040 |a OCO  |c OCO  |d TXA  |d UtOrBLW 
049 |a TXAV [A17061153] 
090 |a PN1992.77.P7  |b P75 1988 no. 3 
245 0 4 |a The Prisoner.  |n Episode 3,  |p A, B, & C /  |c ITC Entertainment ; produced by David Tomblin ; directed by Pat Jackson ; written by Anthony Skene. 
246 3 0 |a A, B, & C 
246 3 |a A, B, and C 
264 1 |a Oak Forest, IL :  |b MPI Home Video,  |c [1988] 
300 |a 1 videocassette (52 min.) :  |b sound, color ;  |c 1/2 in. 
336 |a two-dimensional moving image  |b tdi  |2 rdacontent 
337 |a video  |b v  |2 rdamedia 
338 |a videocassette  |b vf  |2 rdacarrier 
538 |a VHS. 
500 |a Videocassette release of the 1967 television series. 
511 1 |a Patrick McGoohan, Sheila Allen, Katherine Kath, Colin Gordon, Peter Bowles. 
508 |a Director of photography, Brendan J. Stafford ; camera, Jack Lowin ; editor, Geoffrey Foot ; art, Jack Shampan ; music, Ron Grainer. 
520 |a Time is running out for the new "No. 2." He must break the Prisoner and find out why he has resigned his highly confidential job. Desperate, he decides to take the risk of infecting the Prisoner with an experimental drug capable of penetrating subconcious thoughts. 
500 |a Videorecording. 
655 7 |a Science fiction television programs.  |2 lcgft 
655 7 |a Detective and mystery television programs.  |2 lcgft 
700 1 |a McGoohan, Patrick,  |d 1928-2009. 
700 1 |a Allen, Sheila,  |d 1930-2009. 
700 1 |a Kath, Katherine. 
700 1 |a Jackson, Pat. 
710 2 |a ITC Entertainment Group. 
710 2 |a MPI Home Video (Firm) 
730 0 |a Prisoner (Television program : 1967-1968).  |n Episode 3. 
999 |a MARS 
999 f f |s 7c2dc3e3-ba62-330e-899e-5056bf830d87  |i c1ff4b0c-dfb5-3c88-af7b-56003dfd56a2  |t 0 
952 f f |p ric  |a Texas A&M University  |b Rellis Campus  |c Joint Library Facility  |d Remote Storage  |t 0  |e PN1992.77.P7 P75 1988 no.3  |h Library of Congress classification  |i video -- videocassette  |m A14826487489 
998 f f |a PN1992.77.P7 P75 1988 no.3  |t 0  |l Remote Storage